Normas para el transporte y almacenamiento de productos para la protección de cultivos.

Bibliographic Details
Main Author: Guatemala. Latin American Crop
Format: Section = Libro
Language:Undetermined
Spanish
Published: Guatemala LACPA 1998
Subjects:
LEADER 00628nam a2200193Ia 4500
008 240829s9999 xx 000 0 und d
040 |a BIBLIOTECA-RUSB/ Ref 658.562 G918 
041 |a spa 
082 |a Ref 658.562 G918 
100 1 |a Guatemala. Latin American Crop 
245 1 0 |a Normas para el transporte y almacenamiento de productos para la protección de cultivos. 
260 |a Guatemala  |b LACPA  |c 1998 
300 |a 62 p. :il. 
650 7 |a CONTROL DE CALIDAD -NORMAS -TRANSPORTE 
650 7 |b  PROTECCION DE CULTIVOS - ALMACENAMIENTO 
650 7 |c  CONTROL Y EMPAQUE DE PRODUCTOS 
942 |c BK  |2 ddc 
991 |a TEXTO 
999 |c 6222